000 00653nam a2200229Ia 4500
003 OSt
005 20220923214723.0
006 a|||||r|||| 00| 0
007 ta
008 220922b |||||||| |||| 00| 0 hin d
024 _a171,941
037 _cTextual
040 _aARTS
_cARTS
_bhin
041 _2hin
_ahin
082 _aO152;3N322x, J8
100 _aश्रीवास्तव, ओकारनाथ
245 0 _aकाल सुन्दरी
246 _aKāl sundarī
260 _c1958
942 _hO152;3N322x, J8
_cTEXL
_2CC
999 _c326082
_d326082